<?xml version="1.0" encoding="UTF-8"?><?xml-stylesheet type="text/xsl" href="static/style.xsl"?><OAI-PMH xmlns="http://www.openarchives.org/OAI/2.0/" xmlns:xsi="http://www.w3.org/2001/XMLSchema-instance" xsi:schemaLocation="http://www.openarchives.org/OAI/2.0/ http://www.openarchives.org/OAI/2.0/OAI-PMH.xsd"><responseDate>2026-04-17T02:51:35Z</responseDate><request verb="GetRecord" identifier="oai:www.recercat.cat:2117/442764" metadataPrefix="marc">https://recercat.cat/oai/request</request><GetRecord><record><header><identifier>oai:recercat.cat:2117/442764</identifier><datestamp>2025-10-02T22:15:04Z</datestamp><setSpec>com_2072_1033</setSpec><setSpec>col_2072_452951</setSpec></header><metadata><record xmlns="http://www.loc.gov/MARC21/slim" xmlns:dcterms="http://purl.org/dc/terms/" xmlns:xsi="http://www.w3.org/2001/XMLSchema-instance" xmlns:doc="http://www.lyncode.com/xoai" xsi:schemaLocation="http://www.loc.gov/MARC21/slim http://www.loc.gov/standards/marcxml/schema/MARC21slim.xsd">
   <leader>00925njm 22002777a 4500</leader>
   <datafield ind2=" " ind1=" " tag="042">
      <subfield code="a">dc</subfield>
   </datafield>
   <datafield ind2=" " ind1=" " tag="720">
      <subfield code="a">Mohimany, Aria</subfield>
      <subfield code="e">author</subfield>
   </datafield>
   <datafield ind2=" " ind1=" " tag="260">
      <subfield code="c">2025-07-17</subfield>
   </datafield>
   <datafield ind2=" " ind1=" " tag="520">
      <subfield code="a">This Master’s thesis explores the integration of renewable energy into residential cooling systems through a case study involving a photovoltaic (PV) array, battery energy storage, and an inverter-based air conditioning system. The main objective is to assess the technical, economic, and environmental feasibility of a PV-powered cooling solution with battery support under realistic operating conditions in a Mediterranean climate (Barcelona). A detailed dynamic model of the integrated system was developed in Python, incorporating real hourly solar irradiance and cooling demand profiles. The simulation evaluates energy flows, system control logic, and battery operation to quantify self-consumption, self-sufficiency, and grid interaction. Thermodynamic and exergy analyses were conducted to identify inefficiencies within the cooling cycle, while an economic evaluation was performed using Net Present Value (NPV), Payback Period, and Levelized Cost of Energy (LCOE). Results show that the system can supply up to 67% of the annual cooling energy using on-site solar generation, with a self-consumption ratio of 83%. Exergy analysis identifies the compressor as the main source of thermodynamic losses. Economically, the system achieves near break-even performance over a 20-year horizon, with a simple payback of ~13 years and an LCOE of ~€0.20/kWh—roughly equal to the retail electricity tariff. Environmental analysis indicates a CO₂ emissions reduction of ~18.4 tonnes over 20 years. In conclusion, while the system is only marginally profitable under current costs, it delivers significant sustainability benefits and is likely to become financially attractive with future battery cost reductions or policy incentives. The results support the adoption of PV–battery–cooling systems as a step toward low-carbon and resilient residential energy systems.</subfield>
   </datafield>
   <datafield ind1="8" ind2=" " tag="024">
      <subfield code="a">http://hdl.handle.net/2117/442764</subfield>
   </datafield>
   <datafield tag="653" ind2=" " ind1=" ">
      <subfield code="a">Àrees temàtiques de la UPC::Energies</subfield>
   </datafield>
   <datafield tag="653" ind2=" " ind1=" ">
      <subfield code="a">Photovoltaic power generation</subfield>
   </datafield>
   <datafield tag="653" ind2=" " ind1=" ">
      <subfield code="a">Renewable energy sources</subfield>
   </datafield>
   <datafield tag="653" ind2=" " ind1=" ">
      <subfield code="a">Energy storage</subfield>
   </datafield>
   <datafield tag="653" ind2=" " ind1=" ">
      <subfield code="a">Electric batteries</subfield>
   </datafield>
   <datafield tag="653" ind2=" " ind1=" ">
      <subfield code="a">Energia solar fotovoltaica</subfield>
   </datafield>
   <datafield tag="653" ind2=" " ind1=" ">
      <subfield code="a">Energies renovables</subfield>
   </datafield>
   <datafield tag="653" ind2=" " ind1=" ">
      <subfield code="a">Energia--Emmagatzematge</subfield>
   </datafield>
   <datafield tag="653" ind2=" " ind1=" ">
      <subfield code="a">Bateries elèctriques</subfield>
   </datafield>
   <datafield ind2="0" ind1="0" tag="245">
      <subfield code="a">Integration of renewable energy in HVAC systems</subfield>
   </datafield>
</record></metadata></record></GetRecord></OAI-PMH>